Normal view MARC view

Entry Uniform Title

Number of records used in: 2

001 - CONTROL NUMBER

  • control field: 53646

003 - CONTROL NUMBER IDENTIFIER

  • control field: dpl

005 - DATE AND TIME OF LATEST TRANSACTION

  • control field: 20121120143754.0

008 - FIXED-LENGTH DATA ELEMENTS

  • fixed length control field: 121120|||a|||||| | ||| d

040 ## - CATALOGING SOURCE

  • Original cataloging agency: dpl
  • Transcribing agency: dpl

130 ## - HEADING--UNIFORM TITLE

  • Uniform title: BSc zoology series-v.2

670 ## - SOURCE DATA FOUND

  • Source citation: Work cat.: (dpl): 53625 Pandey, B.N., Cytology, genetics and molecular genetics /, 2012

670 ## - SOURCE DATA FOUND

  • Source citation: Work cat.: (dpl): 53625 Pandey, B.N., Cytology, genetics and molecular genetics /, 2012

© Delhi Public Library
Hit Counter
free hit counter